[Event "Barcelona Gotic op 2nd"]
[Site "Barcelona"]
[Date "2018.06.12"]
[Round "7"]
[White "Cabrera Marmol, Manel"]
[Black "Schneider Ristol, Alejandro"]
[Result "0-1"]
[WhiteElo "1797"]
[BlackElo "1868"]
[PlyCount "52"]
[EventDate "2018.04.24"]
[EventType "swiss"]
[EventRounds "8"]
[EventCountry "ESP"]
[SourceTitle "EXT 2019"]
[Source "ChessBase"]
[SourceDate "2018.10.10"]
[SourceVersion "1"]
[SourceVersionDate "2018.10.10"]
[SourceQuality "1"]

1. e4 d5 2. exd5 Qxd5 3. Nc3 Qd8 4. Bc4 Nf6 5. Nf3 Bf5 6. d4 e6 7. 0-0 Nbd7 8. Re1 Nb6 9. Bb3 c6 10. Bg5 Be7 11. Nh4 Bg4 12. f3 Bh5 13. Re5 0-0 14. Bxf6 Bxf6 15. Rxh5 Bxh4 16. Qd3 g6 17. Re5 Bf6 18. Re4 Qd7 19. Rg4 Rad8 20. Ne2 e5 21. Qe3 Nd5 22. Qh6 Bg7 23. Qh3 exd4 24. Rh4 Rfe8 25. Bxd5 Qxd5 26. Nf4 Qf5 0-1

[Event "Barcelona Gotic op 2nd"]
[Site "Barcelona"]
[Date "2018.05.22"]
[Round "4"]
[White "Schneider Ristol, Alejandro"]
[Black "Perez Garcia, Adria"]
[Result "0-1"]
[WhiteElo "1868"]
[BlackElo "2137"]
[PlyCount "90"]
[EventDate "2018.04.24"]
[EventType "swiss"]
[EventRounds "8"]
[EventCountry "ESP"]
[SourceTitle "EXT 2019"]
[Source "ChessBase"]
[SourceDate "2018.10.10"]
[SourceVersion "1"]
[SourceVersionDate "2018.10.10"]
[SourceQuality "1"]

1. e4 c6 2. d4 d5 3. exd5 cxd5 4. c4 Nf6 5. Nc3 Nc6 6. Nf3 Bg4 7. cxd5 Nxd5 8. Be2 e6 9. 0-0 Be7 10. Ne5 Nxe5 11. Bxg4 Nxg4 12. Qxg4 Nxc3 13. bxc3 0-0 14. c4 Bf6 15. Bb2 Rc8 16. c5 Qd5 17. Rfd1 Rfd8 18. Qf3 Qxf3 19. gxf3 Rd5 20. Rac1 g6 21. Rc4 e5 22. Rb4 Rc7 23. Rc1 exd4 24. Kf1 Kg7 25. Rbc4 Rc6 26. Rd1 Rdxc5 27. Rb4 b6 28. Bxd4 Bxd4 29. Rdxd4 Rc2 30. Ra4 a5 31. Rd7 Rb2 32. Rf4 Rf6 33. Rxf6 Kxf6 34. Rb7 Ke6 35. a4 h6 36. Kg2 f6 37. Kg3 Kf5 38. h3 Rb4 39. h4 Rb3 40. Rb8 g5 41. hxg5 hxg5 42. Kg2 Kf4 43. Rb7 f5 44. Rb8 Rxf3 45. Rxb6 Ra3 0-1

[Event "Barcelona Tres Peons-A 46th"]
[Site "Barcelona"]
[Date "2017.05.12"]
[Round "4.1"]
[White "Clanchet Olle, Josep"]
[Black "Schneider Ristol, Alejandro"]
[Result "0-1"]
[WhiteElo "1693"]
[BlackElo "1915"]
[PlyCount "68"]
[EventDate "2017.04.21"]
[EventType "swiss"]
[EventRounds "9"]
[EventCountry "ESP"]
[SourceTitle "EXT 2024"]
[Source "ChessBase"]
[SourceDate "2023.10.10"]
[SourceVersion "1"]
[SourceVersionDate "2023.10.10"]
[SourceQuality "1"]

1. e4 d5 2. exd5 Qxd5 3. Nc3 Qd8 4. Bc4 Nf6 5. Nf3 c6 6. d3 Bf5 7. Bf4 e6 8. Qe2 Bb4 9. 0-0 0-0 10. Ne4 Nxe4 11. dxe4 Bg4 12. Rad1 Qf6 13. Bxb8 Raxb8 14. c3 Bc5 15. Rd3 b5 16. Bb3 Bb6 17. a4 a6 18. Qd2 c5 19. c4 b4 20. Qg5 Qxg5 21. Nxg5 Be2 22. Rfd1 Bxd3 23. Rxd3 Rbd8 24. Rxd8 Rxd8 25. Nf3 g5 26. Kf1 g4 27. Ne5 Rd2 28. Nxg4 Rxb2 29. Bd1 Rb1 30. Ke2 b3 31. Nf6+ Kg7 32. Nd7 Ba7 33. Kd2 b2 34. Bc2 Ra1 0-1

[Event "Barcelona Tres Peons-A 46th"]
[Site "Barcelona"]
[Date "2017.04.28"]
[Round "2.2"]
[White "Schneider Ristol, Alejandro"]
[Black "Vargas Drechsler, Carlos"]
[Result "0-1"]
[WhiteElo "1915"]
[BlackElo "1964"]
[PlyCount "48"]
[EventDate "2017.04.21"]
[EventType "swiss"]
[EventRounds "9"]
[EventCountry "ESP"]
[SourceTitle "EXT 2024"]
[Source "ChessBase"]
[SourceDate "2023.10.10"]
[SourceVersion "1"]
[SourceVersionDate "2023.10.10"]
[SourceQuality "1"]

1. e4 e5 2. Nf3 Nc6 3. Bb5 a6 4. Bxc6 dxc6 5. 0-0 Bg4 6. h3 h5 7. d3 Qf6 8. Be3 Bxf3 9. Qxf3 Qxf3 10. gxf3 Bd6 11. Nd2 Ne7 12. Nc4 Ng6 13. Kh2 0-0-0 14. Rg1 Rdg8 15. Rg3 Nf4 16. Bxf4 exf4 17. Nxd6+ cxd6 18. Rg5 g6 19. Re1 Rh7 20. e5 dxe5 21. Rgxe5 Rhg7 22. h4 f6 23. Re6 f5 24. Re8+ Kd7 0-1

[Event "Catalunya-chT"]
[Site "Catalunya"]
[Date "2014.01.25"]
[Round "1.2"]
[White "Garcia Castellote, Oscar"]
[Black "Schneider Ristol, Alejandro"]
[Result "1-0"]
[WhiteElo "2071"]
[BlackElo "1948"]
[PlyCount "67"]
[EventDate "2014.01.25"]
[EventType "team"]
[EventRounds "11"]
[EventCountry "ESP"]
[SourceTitle "CBM 158 Extra"]
[Source "ChessBase"]
[SourceDate "2014.02.28"]
[SourceVersion "1"]
[SourceVersionDate "2014.02.28"]
[SourceQuality "1"]
[WhiteTeam "Peona I Peo"]
[BlackTeam "Barcelona Uga"]
[WhiteTeamCountry "ESP"]
[BlackTeamCountry "ESP"]

1. e4 d5 2. exd5 Qxd5 3. Nc3 Qa5 4. d4 Nf6 5. Bc4 c6 6. Bd2 Bf5 7. Qe2 e6 8. Nd5 Qd8 9. Nxf6+ Qxf6 10. 0-0-0 Qg6 11. Nf3 Be7 12. h3 Nd7 13. Bf4 0-0 14. g4 Be4 15. Rhe1 Bxf3 16. Qxf3 Bg5 17. Bxg5 Qxg5+ 18. Kb1 Rad8 19. Qg3 Nb6 20. f4 Qa5 21. Bd3 Nd5 22. c3 Qc7 23. Qh4 g6 24. f5 exf5 25. gxf5 Qf4 26. Qxf4 Nxf4 27. Re7 Rb8 28. Bc4 Nxh3 29. fxg6 hxg6 30. Rf1 Ng5 31. Rg1 Nf3 32. Rxg6+ Kh8 33. Bxf7 Nd2+ 34. Kc2 1-0

[Event "Barcelona Barri Gotic op 1st"]
[Site "Barcelona"]
[Date "2012.05.21"]
[Round "5.2"]
[White "Munoz Pantoja, Miguel Angel"]
[Black "Schneider Ristol, Alejandro"]
[Result "1-0"]
[WhiteElo "2494"]
[BlackElo "1985"]
[PlyCount "83"]
[EventDate "2012.04.23"]
[EventType "swiss"]
[EventRounds "8"]
[EventCountry "ESP"]
[SourceTitle "EXT 2024"]
[Source "ChessBase"]
[SourceDate "2023.10.10"]
[SourceVersion "1"]
[SourceVersionDate "2023.10.10"]
[SourceQuality "1"]

1. e4 d5 2. exd5 Qxd5 3. Nf3 Nf6 4. d4 c6 5. Be2 Bg4 6. 0-0 e6 7. h3 Bh5 8. c4 Qd6 9. Nc3 Be7 10. a3 0-0 11. Qb3 Qc7 12. d5 exd5 13. cxd5 Qb6 14. Qa2 Rd8 15. Be3 Qc7 16. dxc6 Nxc6 17. Nb5 Qb8 18. Rad1 a6 19. Rxd8+ Qxd8 20. Rd1 Qb8 21. Nbd4 Nxd4 22. Bxd4 Qc7 23. Be3 Rc8 24. Qb3 b5 25. Rc1 Qb7 26. Rxc8+ Qxc8 27. a4 b4 28. Qc4 Qb7 29. Qxa6 Qxa6 30. Bxa6 Bxf3 31. gxf3 Bd8 32. Kf1 Nd5 33. Bc5 Ba5 34. Bc4 Nf4 35. Be3 Ng6 36. Ke2 Ne5 37. Bb5 f5 38. f4 Ng6 39. Kd3 Nh4 40. Bc6 Ng6 41. Kc4 Ne7 42. Bf3 1-0

[Event "Barcelona Barri Gotic op 1st"]
[Site "Barcelona"]
[Date "2012.05.14"]
[Round "4.8"]
[White "Schneider Ristol, Alejandro"]
[Black "Gines Rodriguez, Oscar"]
[Result "1-0"]
[WhiteElo "1985"]
[BlackElo "1864"]
[PlyCount "95"]
[EventDate "2012.04.23"]
[EventType "swiss"]
[EventRounds "8"]
[EventCountry "ESP"]
[SourceTitle "EXT 2024"]
[Source "ChessBase"]
[SourceDate "2023.10.10"]
[SourceVersion "1"]
[SourceVersionDate "2023.10.10"]
[SourceQuality "1"]

1. e4 e5 2. Nf3 Nc6 3. Bb5 a6 4. Bxc6 dxc6 5. 0-0 f6 6. d4 exd4 7. Nxd4 c5 8. Nb3 Qxd1 9. Rxd1 Bg4 10. f3 Bd7 11. Be3 b6 12. a4 Nh6 13. Nc3 a5 14. Bxh6 gxh6 15. Nd5 0-0-0 16. Nxf6 Bc6 17. Rxd8+ Kxd8 18. c3 Bd6 19. Nd2 Rf8 20. Nd5 Bxd5 21. exd5 Rf5 22. c4 Be5 23. Rb1 h5 24. Ne4 h4 25. h3 Kd7 26. b3 h6 27. Re1 Bd4+ 28. Kf1 Be5 29. Nd2 Bc3 30. Re4 Re5 31. Rxe5 Bxe5 32. Ne4 Ke7 33. Ke2 Bf4 34. Kd3 Kf7 35. Nf2 Kg6 36. Ke4 Bd6 37. f4 Be7 38. Ng4 Bd6 39. Ne3 Be7 40. Nf5 Bf6 41. d6 cxd6 42. Nxd6 Bd8 43. Nf5 h5 44. Ne3 Kf6 45. Nd5+ Ke6 46. f5+ Kf7 47. Ke5 Kg7 48. Ke6 1-0

[Event "Barcelona op-B"]
[Site "Barcelona"]
[Date "1998.??.??"]
[Round "7"]
[White "Schneider Ristol, Alejandro"]
[Black "Pimienta Sanchez, Manuel"]
[Result "1-0"]
[WhiteElo "2000"]
[BlackElo "1915"]
[PlyCount "79"]
[EventDate "1998.??.??"]
[EventType "swiss"]
[EventRounds "8"]
[EventCountry "ESP"]
[SourceTitle "EXT 2019"]
[Source "ChessBase"]
[SourceDate "2018.10.10"]
[SourceVersion "1"]
[SourceVersionDate "2018.10.10"]
[SourceQuality "1"]

1. e4 c5 2. Nc3 a6 3. g3 d6 4. Bg2 Nc6 5. d3 e6 6. f4 Nf6 7. Nf3 d5 8. e5 Ng8 9. 0-0 Nge7 10. Ne2 b5 11. c3 Nf5 12. Qe1 h5 13. d4 Qb6 14. Qd1 cxd4 15. cxd4 Ncxd4 16. Kh1 Nxe2 17. Qxe2 Bc5 18. Bd2 h4 19. gxh4 Nxh4 20. b4 Nxf3 21. Rxf3 Be7 22. Rd3 g6 23. Be3 Qd8 24. a3 Bb7 25. Rc1 Rc8 26. Rdd1 Kf8 27. Rxc8 Qxc8 28. Rc1 Qa8 29. Bd4 Kg7 30. Rg1 Rh4 31. Qf3 Qh8 32. h3 Qc8 33. Bf1 Kf8 34. Bd3 Ke8 35. Kh2 Bf8 36. Qg3 Be7 37. Rg2 Qc1 38. Rf2 Qxa3 39. Bxb5+ axb5 40. Qxa3 1-0